|
|
|
|
| LEADER |
01123nam a2200289 a 4500 |
| 001 |
724673 |
| 008 |
100131s1998 enk b 001 0 eng d |
| 010 |
|
|
|a 98008038
|
| 020 |
|
|
|a 0340692243
|
| 020 |
|
|
|a 0340692251 (pbk.)
|
| 040 |
|
|
|a DLC
|c DLC
|d DLC
|d BD-DhAAL
|
| 082 |
0 |
0 |
|a 302.23
|2 21
|
| 245 |
0 |
0 |
|a Approaches to audiences :
|b a reader /
|c edited by Roger Dickinson, Ramaswami Harindranath, and Olga Linné.
|
| 260 |
|
|
|a London ;
|a New York :
|b Arnold ;
|a New York :
|b Oxford University Press,
|c 1998.
|
| 300 |
|
|
|a xvi, 318 p. ;
|c 24 cm.
|
| 490 |
|
0 |
|a Foundations in media
|
| 504 |
|
|
|a Includes bibliographical references and indexes.
|
| 541 |
1 |
|
|e 00007690
|
| 650 |
|
0 |
|a Mass media
|x Audiences.
|
| 650 |
|
0 |
|a Mass media and culture.
|
| 650 |
|
0 |
|a Mass media
|x Social aspects.
|
| 700 |
1 |
|
|a Dickinson, Roger,
|d 1956-
|
| 700 |
1 |
|
|a Harindranath, Ramaswami,
|d 1959-
|
| 700 |
1 |
|
|a Linné, Olga,
|d 1941-
|
| 852 |
4 |
|
|a Ayesha Abed Library
|j General shelf
|
| 999 |
|
|
|c 7271
|d 7271
|
| 952 |
|
|
|0 0
|1 0
|2 ddc
|4 1
|6 302_230000000000000_APP_1998
|7 0
|9 7634
|a BRACUL
|b BRACUL
|c SPS
|d 2010-01-31
|l 0
|o 302.23 APP
|p 3010007690
|r 2010-01-31
|t 1
|w 2010-01-31
|y BK
|